LEADER 02341nam 2200361 450 001 9910477065403321 005 20230516215514.0 035 $a(CKB)5470000000569288 035 $a(NjHacI)995470000000569288 035 $a(EXLCZ)995470000000569288 100 $a20230516d2020 uy 0 101 0 $aeng 135 $aur||||||||||| 181 $ctxt$2rdacontent 182 $cc$2rdamedia 183 $acr$2rdacarrier 200 00$aDevelopment of the Global Film Industry $eIndustrial Competition and Cooperation in the Context of Globalization /$fQiao Li, Yanqiu Guan, Hong Lu, editors 210 1$aLondon, England :$cTaylor & Francis,$d2020. 215 $a1 online resource (249 pages) 330 $a"The global film industry has witnessed significant transformation in the past few years. Regions outside the US have begun to prosper while non-traditional production companies, such as Netflix have assumed a larger market share, and online movies adapted from literature have continued to gain in popularity. How have these trends shaped the global film industry? This book answers this question by analysing an increasingly globalised business through a global lens. Development of the Global Film Industry examines the recent history and current state of the business in all parts of the world. While many existing studies focus on the internal workings of the industry such as production, distribution, and screening, this study takes a 'big picture' view encompassing the transnational integration of the cultural and entertainment industry as a whole, and paying more attention to the coordinated development of the film industry in the light of influence from literature, television, animation, games and other sectors. This volume is a critical reference for students, scholars and the public to help them understand the major trends facing the global film industry in today's world"-- Provided by publisher. 517 $aDevelopment of the Global Film Industry 606 $aMotion picture industry 615 0$aMotion picture industry. 676 $a384.84 702 $aLi$b Qiao 702 $aGuan$b Yanqiu 702 $aLu$b Hong 801 0$bNjHacI 801 1$bNjHacl 906 $aBOOK 912 $a9910477065403321 996 $aDevelopment of the Global Film Industry$93364415 997 $aUNINA LEADER 01158nam a2200241 i 4500 001 991001831439707536 008 121002s1996 it 000 0 ita d 035 $ab1407767x-39ule_inst 040 $aDip.to Lingue$bita 082 0 $a418.02 245 00$aTradurre i linguaggi settoriali :$bAtti del Seminario di Anglistica nell'ambito del progetto strategico CNR "I problemi della traduzione nell'Italia dell'Europa" /$ca cura di Giuseppina Cortese 260 $aTorino :$bLibreria Cortina,$c1996 300 $a351 p. ;$c21 cm 500 $aAtti del Seminario di Anglistica nell'ambito del progetto strategico CNR "I problemi della traduzione nell'Italia dell'Europa", Università degli studi di Torino, Facoltà di scienze politiche 27-28 maggio 1993 650 4$aTraduzione 650 4$aInterpretariato 700 1 $aCorte, Giuseppina 907 $a.b1407767x$b02-04-14$c02-10-12 912 $a991001831439707536 945 $aLE012 418.02 TRU$g1$i2012000440036$lle012$o-$pE0.00$q-$rl$s- $t0$u5$v0$w5$x0$y.i15449476$z22-10-12 996 $aTradurre i linguaggi settoriali$9240801 997 $aUNISALENTO 998 $ale012$b02-10-12$cm$da $e-$fita$git $h0$i0 LEADER 01662nas 2200505-a 450 001 9910891217003321 005 20260218113036.0 035 $a(CKB)111088196505604 035 $a(CONSER)---97641619- 035 $a(DE-599)ZDB2860659-0 035 $a(DE-599)2860659-0 035 $a(EXLCZ)99111088196505604 100 $a19940805a19939999 --- - 101 0 $aeng 181 $ctxt$2rdacontent 182 $cc$2rdamedia 183 $acr$2rdacarrier 200 00$aBangko Sentral review $ea monthly publication of the Bangko Sentral ng Pilipinas 210 $aManila, Philippines $cBangko Sentral ng Pilipinas$d1993- 215 $a1 online resource 300 $aTitle from cover. 300 $aSubtitle varies. 311 08$aPrint version: Bangko Sentral review : 1655-5120 (DLC) 97641619 (OCoLC)30885197 517 1 $aBS review 517 3 $aReview 606 $aEconomic indicators$zPhilippines$vPeriodicals 606 $aFinance$zPhilippines$vPeriodicals 606 $aEconomic history$2fast$3(OCoLC)fst00901974 606 $aEconomic indicators$2fast$3(OCoLC)fst00901996 606 $aFinance$2fast$3(OCoLC)fst00924349 607 $aPhilippines$xEconomic conditions$y1986-$vPeriodicals 607 $aPhilippines$2fast 608 $aPeriodicals.$2fast 615 0$aEconomic indicators 615 0$aFinance 615 7$aEconomic history. 615 7$aEconomic indicators. 615 7$aFinance. 676 $a330.9599/005 712 02$aBangko Sentral ng Pilipinas. 906 $aJOURNAL 912 $a9910891217003321 920 $aexl_impl conversion 996 $aBangko Sentral review$94251295 997 $aUNINA